Sartre & Flaubert /

Bibliographic Details
Main Author: Barnes, Hazel Estella
Format: Book
Language:English
Published: Chicago : University of Chicago Press, 1981.
Subjects:

MARC

Tag First Indicator Second Indicator Subfields
LEADER 00000pam a2200000 a 4500
001 in00000069611
005 20151008054518.0
008 801107s1981 ilu b 00110 engm
010 |a  80026872  
020 |a 0226037207 
035 |a (OCoLC)07006581 
035 |9 AAJ0877AM 
040 |a DLC  |c DLC  |d m.c.  |d TXA  |d UtOrBLW 
049 |a TXAM  |c [932807] 
050 0 0 |a PQ2247.S33  |b B3 
082 0 |a 843/.8  |2 19 
100 1 |a Barnes, Hazel Estella. 
245 1 0 |a Sartre & Flaubert /  |c Hazel E. Barnes. 
264 1 |a Chicago :  |b University of Chicago Press,  |c 1981. 
300 |a x, 449 pages ;  |c 24 cm. 
336 |a text  |b txt  |2 rdacontent 
337 |a unmediated  |b n  |2 rdamedia 
338 |a volume  |b nc  |2 rdacarrier 
500 |a Includes index. 
504 |a Bibliography: pages 437-441. 
600 1 0 |a Sartre, Jean-Paul,  |d 1905-1980.  |t Idiot de la famille. 
600 1 0 |a Flaubert, Gustave,  |d 1821-1880  |x Criticism and interpretation. 
999 |a MARS 
999 f f |s e78a72c6-74c4-366a-9d1b-054ff6471a72  |i dce6796e-8c43-34c5-a826-78610aac5e3b  |t 0 
952 f f |p normal  |a Texas A&M University  |b College Station  |c Sterling C. Evans Library  |d Evans: Library Stacks  |t 0  |e PQ2247.S33 B3  |h Library of Congress classification  |i unmediated -- volume  |m A14806180619 
998 f f |a PQ2247.S33 B3  |t 0  |l Evans: Library Stacks